000 00826nam a2200205 4500
001 144104
003 ES-MaACL
005 20230906200938.0
007 t|
008 070214s1969 sp r ||||1| spa d
111 2 _aSimposio sobre la Antigüedad Clásica (
_cValle de los Caídos [Madrid] (
_d1968)
_91089
245 1 0 _aSimposio sobre la antigüedad clásica
_b: (Valle de los Caídos, 1-3 XI 1968).
260 _aMadrid :
_bSociedad Española de Estudios Clásicos,
_c1969 (
_fCóndor)
300 _a162 p. ;
_c24 cm.
490 1 _aPublicaciones de la Sociedad Española de Estudios Clásicos ;
_v9
710 2 _aSociedad Española de Estudios Clásicos.
_96720
830 0 _aPublicaciones de la Sociedad Española de Estudios Clásicos ;
_v9
_9220636
852 _aES-MaACL
_jC-41767
_bR.72401
999 _c144104
_d144104